Sektor nealkoholických nápojov sa pod tlakom regulácie rúti do ďalšieho zvyšovania cien
Trh s nealkoholickými nápojmi na Slovensku prechádza dynamickým vývojom, ktorý je ovplyvnený mnohými ekonomickými, sociálnymi aj technologickými faktormi. Napriek tomu, že čelí viacerým výzvam, ponúka aj množstvo príležitostí pre výrobcov.
Salvato in:
| Autore principale: | |
|---|---|
| Natura: | Capitolo di libro |
| Lingua: | slovacco |
| Soggetti: | |
| Tags: |
Nessun Tag, puoi essere il primo ad aggiungerne!!
|
MARC
| LEADER | 00000naa a2200000 4500 | ||
|---|---|---|---|
| 001 | 0303372 | ||
| 005 | 20240805101632.3 | ||
| 041 | 0 | |a slo | |
| 044 | |a SK | ||
| 245 | 1 | 0 | |a Sektor nealkoholických nápojov sa pod tlakom regulácie rúti do ďalšieho zvyšovania cien |c Lucia Morvai |
| 520 | |a Trh s nealkoholickými nápojmi na Slovensku prechádza dynamickým vývojom, ktorý je ovplyvnený mnohými ekonomickými, sociálnymi aj technologickými faktormi. Napriek tomu, že čelí viacerým výzvam, ponúka aj množstvo príležitostí pre výrobcov. | ||
| 610 | 2 | 0 | |a nápoje nealkoholické |
| 610 | 2 | 0 | |a inflácia |
| 610 | 2 | 0 | |a ukazovatele ekonomické |
| 610 | 2 | 0 | |a regulácia |
| 610 | 2 | 0 | |a systémy zálohové |
| 100 | 1 | |a Morvai, Lucia | |